00193nam a2200073Ia 4500008004100000050002100041100002200062245003500084230915s9999 xx 000 0 und d a HG4063.V36 2002 aVAN HORNE,JAMES C 0aFINACIAL MANAGEMENT AND POLICY